Statystyki dla Flagi terytoriów zależnych

Kliknij tutaj aby rozwiązać quiz!

Ogólne statystyki

  • Ten quiz został rozwiązany 46 razy
  • Średni wynik to 12 z 16

Statystyki odpowiedzi

Odpowiedź% Poprawnych
Grenlandia
100%
Wyspy Owcze
98%
Gibraltar
93%
Portoryko
93%
Guam
90%
Wyspa Man
90%
Niue
78%
Nowa Kaledonia
78%
Bermudy
75%
Curaçao
73%
Polinezja Francuska
73%
Wyspy Cooka
70%
Gujana Francuska
63%
Norfolk
63%
Bonaire
53%
Saint-Pierre i Miquelon
53%

Rozkład punktacji

Percentyl według liczby udzielonych odpowiedzi

Procent ludzi z każdym wynikiem

Twoja historia wyników

Nie rozwiązałeś tego quizu